000 00617nam a2200193Ii 4500
003 JO-AjNU
008 230605s9999||||xx |||||||||||||| ||und||
040 _aJO-AjNU
_bara
_erda
_cJO-AjNU
041 _aara
050 1 4 _aPN1119.K4 1900
100 3 _aخنسة،وفيق,
_eauthor
_916239
245 0 0 _aالآفاق القصية: قراءة في المعلقات
264 3 1 _aد.م: د.ن، 1900
300 _a205ص
336 _atext
_btxt
_2rdacontent
337 _aunmediated
_bn
_2rdamedia
338 _avolume
_bnc
_2rdacarrier
650 4 _aالشعر العربي - معلقات - دراسة وقراءة
_916240
999 _aA4768
_c8336
_d8336